[Event "April 9 Late 2024"]
[Site "Chess.com"]
[Date "2024.04.09"]
[Round "4"]
[White "Ticona Rocabado, Licael Roderick"]
[Black "Radhakrishnan, Sharath"]
[Result "1-0"]
[Board "93"]
[WhiteFideId "3319113"]
[BlackFideId "39900452"]
[WhiteTitle "IM"]
[WhiteElo "2624"]
[BlackElo "2432"]
[WhiteTeam "BOL"]
[BlackTeam "USA"]
[WhiteClock "0:00:36"]
[BlackClock "0:00:05"]
[Variant "Standard"]

1. e4 {[%clk 0:03:00]}  e5 {[%clk 0:02:59]} 2. Nf3 {[%clk 0:02:58]}  Nc6 {[%clk 0:02:59]} 3. Bc4 {[%clk 0:02:58]}  Bc5 {[%clk 0:02:58]} 4. O-O {[%clk 0:02:58]}  Nf6 {[%clk 0:02:58]} 5. d3 {[%clk 0:02:54]}  O-O {[%clk 0:02:58]} 6. c3 {[%clk 0:02:54]}  d6 {[%clk 0:02:54]} 7. a4 {[%clk 0:02:52]}  a6 {[%clk 0:02:52]} 8. Be3 {[%clk 0:02:52]}  Bxe3 {[%clk 0:02:35]} 9. fxe3 {[%clk 0:02:53]}  Be6 {[%clk 0:02:34]} 10. Bxe6 {[%clk 0:02:46]}  fxe6 {[%clk 0:02:34]} 11. Nbd2 {[%clk 0:02:46]}  Qd7 {[%clk 0:02:32]} 12. d4 {[%clk 0:02:42]}  exd4 {[%clk 0:02:30]} 13. exd4 {[%clk 0:02:43]}  d5 {[%clk 0:02:29]} 14. e5 {[%clk 0:02:38]}  Ng4 {[%clk 0:02:15]} 15. Qe2 {[%clk 0:02:30]}  Nh6 {[%clk 0:02:10]} 16. Ng5 {[%clk 0:02:28]}  Nf5 {[%clk 0:02:07]} 17. Qg4 {[%clk 0:02:21]}  h6 {[%clk 0:02:05]} 18. Nh3 {[%clk 0:02:15]}  Ne3 {[%clk 0:01:45]} 19. Rxf8+ {[%clk 0:02:11]}  Rxf8 {[%clk 0:01:46]} 20. Qe2 {[%clk 0:02:11]}  Nf5 {[%clk 0:01:43]} 21. Rf1 {[%clk 0:02:07]}  Nfe7 {[%clk 0:01:16]} 22. Rxf8+ {[%clk 0:02:03]}  Kxf8 {[%clk 0:01:15]} 23. Nf4 {[%clk 0:01:59]}  Kg8 {[%clk 0:01:02]} 24. Nb3 {[%clk 0:01:48]}  Nd8 {[%clk 0:00:45]} 25. Nc5 {[%clk 0:01:47]}  Qc6 {[%clk 0:00:43]} 26. Qg4 {[%clk 0:01:43]}  b6 {[%clk 0:00:38]} 27. Ncxe6 {[%clk 0:01:42]}  Nxe6 {[%clk 0:00:35]} 28. Nxe6 {[%clk 0:01:43]}  g5 {[%clk 0:00:26]} 29. Nf4 {[%clk 0:01:36]}  Qxa4 {[%clk 0:00:23]} 30. Qe6+ {[%clk 0:01:35]}  Kf8 {[%clk 0:00:23]} 31. Qxh6+ {[%clk 0:01:23]}  Ke8 {[%clk 0:00:20]} 32. Qxg5 {[%clk 0:01:19]}  Qa1+ {[%clk 0:00:18]} 33. Kf2 {[%clk 0:01:19]}  Qxb2+ {[%clk 0:00:03]} 34. Ne2 {[%clk 0:01:19]}  Qc2 {[%clk 0:00:04]} 35. h4 {[%clk 0:01:16]}  Qf5+ {[%clk 0:00:03]} 36. Qxf5 {[%clk 0:01:16]}  Nxf5 {[%clk 0:00:04]} 37. g4 {[%clk 0:01:01]}  Nxh4 {[%clk 0:00:04]} 38. Nf4 {[%clk 0:01:02]}  a5 {[%clk 0:00:02]} 39. Kg3 {[%clk 0:01:02]}  a4 {[%clk 0:00:03]} 40. Nxd5 {[%clk 0:01:01]}  a3 {[%clk 0:00:03]} 41. Nb4 {[%clk 0:00:59]}  Ng6 {[%clk 0:00:03]} 42. Kf3 {[%clk 0:00:58]}  c5 {[%clk 0:00:04]} 43. Na2 {[%clk 0:00:58]}  Ke7 {[%clk 0:00:04]} 44. Ke4 {[%clk 0:00:58]}  cxd4 {[%clk 0:00:04]} 45. cxd4 {[%clk 0:00:59]}  Kd7 {[%clk 0:00:05]} 46. d5 {[%clk 0:00:58]}  b5 {[%clk 0:00:05]} 47. Kd4 {[%clk 0:00:59]}  Ke7 {[%clk 0:00:05]} 48. Nb4 {[%clk 0:00:59]}  Kd7 {[%clk 0:00:06]} 49. g5 {[%clk 0:00:55]}  Ke7 {[%clk 0:00:06]} 50. Ke4 {[%clk 0:00:55]}  Kd7 {[%clk 0:00:06]} 51. d6 {[%clk 0:00:53]}  Ke6 {[%clk 0:00:06]} 52. Nc6 {[%clk 0:00:45]}  a2 {[%clk 0:00:06]} 53. Nd4+ {[%clk 0:00:45]}  Kd7 {[%clk 0:00:05]} 54. Nb3 {[%clk 0:00:43]}  Ke6 {[%clk 0:00:06]} 55. Nd4+ {[%clk 0:00:43]}  Kf7 {[%clk 0:00:06]} 56. e6+ {[%clk 0:00:37]}  Ke8 {[%clk 0:00:06]} 57. d7+ {[%clk 0:00:35]}  Ke7 {[%clk 0:00:04]} 58. Nc6+ {[%clk 0:00:35]}  Kxe6 {[%clk 0:00:05]} 59. d8=Q {[%clk 0:00:36]}  a1=Q {[%clk 0:00:05]} 60. Qd5# {[%clk 0:00:36]} 1-0

[Event "April 9 Late 2024"]
[Site "Chess.com"]
[Date "2024.04.09"]
[Round "4"]
[White "Rogov, Matfey"]
[Black "Jun, Rudolf"]
[Result "1-0"]
[Board "95"]
[WhiteFideId "44191308"]
[BlackFideId "376612"]
[WhiteTitle "CM"]
[BlackTitle "FM"]
[WhiteElo "2620"]
[BlackElo "2403"]
[WhiteTeam "RUS"]
[BlackTeam "CZE"]
[WhiteClock "0:01:35"]
[BlackClock "0:00:17"]
[Variant "Standard"]

1. e4 {[%clk 0:03:00]}  c5 {[%clk 0:02:59]} 2. Nf3 {[%clk 0:03:00]}  Nc6 {[%clk 0:03:00]} 3. b4 {[%clk 0:03:00]}  d6 {[%clk 0:02:56]} 4. b5 {[%clk 0:02:59]}  Nd4 {[%clk 0:02:56]} 5. Bc4 {[%clk 0:02:55]}  Nxf3+ {[%clk 0:02:55]} 6. Qxf3 {[%clk 0:02:56]}  e6 {[%clk 0:02:55]} 7. Bb2 {[%clk 0:02:56]}  Nf6 {[%clk 0:02:55]} 8. d3 {[%clk 0:02:54]}  Be7 {[%clk 0:02:54]} 9. Nd2 {[%clk 0:02:54]}  O-O {[%clk 0:02:54]} 10. e5 {[%clk 0:02:51]}  dxe5 {[%clk 0:02:46]} 11. Bxe5 {[%clk 0:02:52]}  Nd7 {[%clk 0:02:40]} 12. Bg3 {[%clk 0:02:34]}  Bf6 {[%clk 0:02:34]} 13. Rd1 {[%clk 0:02:34]}  Ne5 {[%clk 0:02:34]} 14. Qe2 {[%clk 0:02:33]}  Nxc4 {[%clk 0:02:20]} 15. dxc4 {[%clk 0:02:27]}  Bc3 {[%clk 0:02:19]} 16. O-O {[%clk 0:02:23]}  Bxd2 {[%clk 0:02:15]} 17. Rxd2 {[%clk 0:02:24]}  Qa5 {[%clk 0:02:06]} 18. Bd6 {[%clk 0:02:21]}  Re8 {[%clk 0:02:03]} 19. f4 {[%clk 0:01:45]}  Bd7 {[%clk 0:01:37]} 20. Be5 {[%clk 0:01:39]}  f6 {[%clk 0:00:17]} 21. Rxd7 {[%clk 0:01:35]} 1-0

[Event "April 9 Late 2024"]
[Site "Chess.com"]
[Date "2024.04.09"]
[Round "4"]
[White "Bobadilla Viera, Jorge Samuel"]
[Black "Venkatesh, Narayan"]
[Result "1-0"]
[Board "98"]
[WhiteFideId "3906353"]
[BlackFideId "30987881"]
[WhiteTitle "IM"]
[BlackTitle "CM"]
[WhiteElo "2608"]
[BlackElo "2339"]
[WhiteTeam "VEN"]
[BlackTeam "USA"]
[WhiteClock "0:00:20"]
[BlackClock "0:00:23"]
[Variant "Standard"]

1. d4 {[%clk 0:02:57]}  Nf6 {[%clk 0:02:59]} 2. Nc3 {[%clk 0:02:56]}  d5 {[%clk 0:02:59]} 3. Bg5 {[%clk 0:02:54]}  c6 {[%clk 0:02:58]} 4. Qd3 {[%clk 0:02:50]}  Nbd7 {[%clk 0:02:53]} 5. Nf3 {[%clk 0:02:47]}  e6 {[%clk 0:02:53]} 6. h3 {[%clk 0:02:45]}  Bd6 {[%clk 0:02:53]} 7. e4 {[%clk 0:02:44]}  dxe4 {[%clk 0:02:53]} 8. Nxe4 {[%clk 0:02:44]}  Be7 {[%clk 0:02:52]} 9. Nxf6+ {[%clk 0:02:39]}  Bxf6 {[%clk 0:02:50]} 10. h4 {[%clk 0:02:40]}  c5 {[%clk 0:02:49]} 11. O-O-O {[%clk 0:02:39]}  cxd4 {[%clk 0:02:49]} 12. Nxd4 {[%clk 0:02:36]}  Qb6 {[%clk 0:02:36]} 13. Kb1 {[%clk 0:02:14]}  Nc5 {[%clk 0:02:33]} 14. Qb5+ {[%clk 0:02:09]}  Bd7 {[%clk 0:02:31]} 15. Qxb6 {[%clk 0:02:08]}  axb6 {[%clk 0:02:31]} 16. Bxf6 {[%clk 0:02:07]}  gxf6 {[%clk 0:02:31]} 17. Bb5 {[%clk 0:02:04]}  Ke7 {[%clk 0:02:25]} 18. Bxd7 {[%clk 0:02:03]}  Nxd7 {[%clk 0:02:25]} 19. Rhe1 {[%clk 0:02:03]}  Ne5 {[%clk 0:02:16]} 20. f4 {[%clk 0:02:02]}  Nc6 {[%clk 0:02:15]} 21. Nf5+ {[%clk 0:02:01]}  Kf8 {[%clk 0:02:13]} 22. Nd6 {[%clk 0:02:01]}  Rb8 {[%clk 0:02:08]} 23. g4 {[%clk 0:01:59]}  Kg7 {[%clk 0:02:06]} 24. f5 {[%clk 0:01:54]}  Ne5 {[%clk 0:02:01]} 25. g5 {[%clk 0:01:51]}  Rhd8 {[%clk 0:01:51]} 26. Ne4 {[%clk 0:01:37]}  fxg5 {[%clk 0:01:42]} 27. fxe6 {[%clk 0:01:19]}  gxh4 {[%clk 0:01:25]} 28. e7 {[%clk 0:00:45]}  Re8 {[%clk 0:01:22]} 29. Nd6 {[%clk 0:00:41]}  Nf3 {[%clk 0:01:15]} 30. Nxe8+ {[%clk 0:00:39]}  Rxe8 {[%clk 0:01:15]} 31. Re3 {[%clk 0:00:28]}  f6 {[%clk 0:00:44]} 32. Rxf3 {[%clk 0:00:24]}  Rxe7 {[%clk 0:00:42]} 33. a4 {[%clk 0:00:24]}  Re4 {[%clk 0:00:42]} 34. b3 {[%clk 0:00:22]}  Kg6 {[%clk 0:00:37]} 35. Rg1+ {[%clk 0:00:22]}  Kf7 {[%clk 0:00:35]} 36. Rf5 {[%clk 0:00:22]}  Re5 {[%clk 0:00:26]} 37. Rxe5 {[%clk 0:00:21]}  fxe5 {[%clk 0:00:26]} 38. Rh1 {[%clk 0:00:20]}  Kg6 {[%clk 0:00:27]} 39. Rxh4 {[%clk 0:00:20]}  h5 {[%clk 0:00:27]} 40. Kc1 {[%clk 0:00:20]}  Kg5 {[%clk 0:00:28]} 41. Rb4 {[%clk 0:00:20]}  h4 {[%clk 0:00:27]} 42. Rxb6 {[%clk 0:00:18]}  h3 {[%clk 0:00:26]} 43. Rxb7 {[%clk 0:00:18]}  Kg6 {[%clk 0:00:26]} 44. Rd7 {[%clk 0:00:17]}  h2 {[%clk 0:00:23]} 45. Rd1 {[%clk 0:00:18]}  e4 {[%clk 0:00:23]} 46. Rh1 {[%clk 0:00:18]}  e3 {[%clk 0:00:24]} 47. Rxh2 {[%clk 0:00:19]}  e2 {[%clk 0:00:23]} 48. Rxe2 {[%clk 0:00:20]} 1-0

[Event "April 9 Late 2024"]
[Site "Chess.com"]
[Date "2024.04.09"]
[Round "4"]
[White "Rustemov, Alexander"]
[Black "Grahn, Vidar"]
[Result "1-0"]
[Board "103"]
[WhiteFideId "4119002"]
[BlackFideId "1744780"]
[WhiteTitle "GM"]
[BlackTitle "FM"]
[WhiteElo "2832"]
[BlackElo "2402"]
[WhiteTeam "RUS"]
[BlackTeam "SWE"]
[WhiteClock "0:00:40"]
[BlackClock "0:00:01"]
[Variant "Standard"]

1. d4 {[%clk 0:03:00]}  Nf6 {[%clk 0:02:58]} 2. c4 {[%clk 0:03:00]}  e6 {[%clk 0:02:58]} 3. Nf3 {[%clk 0:03:00]}  d5 {[%clk 0:02:58]} 4. Nc3 {[%clk 0:03:01]}  dxc4 {[%clk 0:02:59]} 5. e4 {[%clk 0:03:00]}  b5 {[%clk 0:02:59]} 6. e5 {[%clk 0:03:01]}  Nd5 {[%clk 0:02:59]} 7. Nxb5 {[%clk 0:03:01]}  Nb6 {[%clk 0:02:58]} 8. Be2 {[%clk 0:02:59]}  Nc6 {[%clk 0:02:45]} 9. a3 {[%clk 0:02:58]}  Be7 {[%clk 0:02:35]} 10. Be3 {[%clk 0:02:54]}  O-O {[%clk 0:02:28]} 11. Qc2 {[%clk 0:02:54]}  Na5 {[%clk 0:02:01]} 12. Rd1 {[%clk 0:02:48]}  Bb7 {[%clk 0:01:58]} 13. Nc3 {[%clk 0:02:42]}  Nd5 {[%clk 0:01:48]} 14. Bd2 {[%clk 0:02:38]}  c5 {[%clk 0:01:37]} 15. dxc5 {[%clk 0:02:25]}  Bxc5 {[%clk 0:01:35]} 16. O-O {[%clk 0:02:25]}  Qb6 {[%clk 0:01:14]} 17. Ng5 {[%clk 0:02:14]}  g6 {[%clk 0:01:12]} 18. Na4 {[%clk 0:02:11]}  Qb5 {[%clk 0:01:08]} 19. Nxc5 {[%clk 0:02:10]}  Qxc5 {[%clk 0:01:09]} 20. Ne4 {[%clk 0:01:59]}  Qb6 {[%clk 0:01:03]} 21. Bxa5 {[%clk 0:01:40]}  Qxa5 {[%clk 0:01:01]} 22. Qc1 {[%clk 0:01:41]}  Kg7 {[%clk 0:00:40]} 23. Nd6 {[%clk 0:01:39]}  Ba6 {[%clk 0:00:39]} 24. Bxc4 {[%clk 0:01:39]}  Bxc4 {[%clk 0:00:27]} 25. Qxc4 {[%clk 0:01:40]}  Rab8 {[%clk 0:00:27]} 26. Qc2 {[%clk 0:01:31]}  Qb6 {[%clk 0:00:25]} 27. b4 {[%clk 0:01:29]}  a5 {[%clk 0:00:20]} 28. b5 {[%clk 0:01:28]}  a4 {[%clk 0:00:18]} 29. g3 {[%clk 0:01:26]}  Qa5 {[%clk 0:00:17]} 30. Rc1 {[%clk 0:01:24]}  Rb6 {[%clk 0:00:12]} 31. Rfd1 {[%clk 0:01:23]}  Rfb8 {[%clk 0:00:09]} 32. Rd4 {[%clk 0:01:21]}  Rxb5 {[%clk 0:00:06]} 33. Nxb5 {[%clk 0:01:20]}  Qxb5 {[%clk 0:00:06]} 34. Rh4 {[%clk 0:01:13]}  h5 {[%clk 0:00:03]} 35. Qxa4 {[%clk 0:01:07]}  Qb2 {[%clk 0:00:03]} 36. Re1 {[%clk 0:01:01]}  Nc3 {[%clk 0:00:03]} 37. Qc4 {[%clk 0:00:55]}  Qxa3 {[%clk 0:00:01]} 38. Rd4 {[%clk 0:00:46]}  Nd5 {[%clk 0:00:02]} 39. Rd3 {[%clk 0:00:45]}  Qb2 {[%clk 0:00:02]} 40. Qd4 {[%clk 0:00:41]}  Qb3 {[%clk 0:00:01]} 41. Rxb3 {[%clk 0:00:40]} 1-0

[Event "April 9 Late 2024"]
[Site "Chess.com"]
[Date "2024.04.09"]
[Round "4"]
[White "Haydon, David L"]
[Black "Storn, Justin"]
[Result "0-1"]
[Board "109"]
[WhiteFideId "415405"]
[BlackFideId "30922720"]
[WhiteTitle "FM"]
[WhiteElo "2614"]
[BlackElo "2382"]
[WhiteTeam "ENG"]
[BlackTeam "USA"]
[WhiteClock "0:01:54"]
[BlackClock "0:01:14"]
[Variant "Standard"]

1. Nf3 {[%clk 0:03:00]}  b5 {[%clk 0:02:58]} 2. e3 {[%clk 0:02:58]}  a6 {[%clk 0:02:52]} 3. b3 {[%clk 0:02:58]}  c5 {[%clk 0:02:51]} 4. Bb2 {[%clk 0:02:58]}  Bb7 {[%clk 0:02:50]} 5. d4 {[%clk 0:02:57]}  cxd4 {[%clk 0:02:45]} 6. exd4 {[%clk 0:02:54]}  Nf6 {[%clk 0:02:46]} 7. Bd3 {[%clk 0:02:54]}  e6 {[%clk 0:02:46]} 8. Nbd2 {[%clk 0:02:53]}  d5 {[%clk 0:02:44]} 9. O-O {[%clk 0:02:53]}  Bd6 {[%clk 0:02:44]} 10. Re1 {[%clk 0:02:53]}  O-O {[%clk 0:02:43]} 11. Ne5 {[%clk 0:02:51]}  Nbd7 {[%clk 0:02:39]} 12. Ndf3 {[%clk 0:02:49]}  Rc8 {[%clk 0:02:39]} 13. a3 {[%clk 0:02:44]}  Ne4 {[%clk 0:02:37]} 14. c4 {[%clk 0:02:44]}  bxc4 {[%clk 0:02:34]} 15. bxc4 {[%clk 0:02:43]}  Bxe5 {[%clk 0:02:22]} 16. Nxe5 {[%clk 0:02:39]}  Nxe5 {[%clk 0:02:19]} 17. dxe5 {[%clk 0:02:39]}  Nxf2 {[%clk 0:02:11]} 18. Kxf2 {[%clk 0:02:35]}  Qb6+ {[%clk 0:02:10]} 19. Kf1 {[%clk 0:02:35]}  Qxb2 {[%clk 0:02:10]} 20. Rb1 {[%clk 0:02:35]}  Qxa3 {[%clk 0:01:59]} 21. Rxb7 {[%clk 0:02:33]}  dxc4 {[%clk 0:02:00]} 22. Bc2 {[%clk 0:02:32]}  Rcd8 {[%clk 0:01:41]} 23. Qg4 {[%clk 0:02:24]}  Qc3 {[%clk 0:01:30]} 24. Qe4 {[%clk 0:02:14]}  f5 {[%clk 0:01:20]} 25. exf6 {[%clk 0:02:12]}  Qxf6+ {[%clk 0:01:20]} 26. Qf3 {[%clk 0:01:54]}  Qh4 {[%clk 0:01:14]} 0-1

[Event "April 9 Late 2024"]
[Site "Chess.com"]
[Date "2024.04.09"]
[Round "4"]
[White "Golubev, Mikhail"]
[Black "Idnani, Taran"]
[Result "1/2-1/2"]
[Board "110"]
[WhiteFideId "14100983"]
[BlackFideId "2071002"]
[WhiteTitle "GM"]
[BlackTitle "CM"]
[WhiteElo "2608"]
[BlackElo "2381"]
[WhiteTeam "UKR"]
[BlackTeam "USA"]
[WhiteClock "0:00:06"]
[BlackClock "0:01:16"]
[Variant "Standard"]

1. e4 {[%clk 0:03:00]}  c6 {[%clk 0:02:58]} 2. d4 {[%clk 0:02:59]}  d5 {[%clk 0:02:58]} 3. Nc3 {[%clk 0:02:59]}  dxe4 {[%clk 0:02:58]} 4. Nxe4 {[%clk 0:03:00]}  Nf6 {[%clk 0:02:58]} 5. Ng3 {[%clk 0:03:00]}  g6 {[%clk 0:02:56]} 6. Nf3 {[%clk 0:02:59]}  Bg7 {[%clk 0:02:56]} 7. Bc4 {[%clk 0:02:55]}  O-O {[%clk 0:02:56]} 8. O-O {[%clk 0:02:51]}  b5 {[%clk 0:02:56]} 9. Bb3 {[%clk 0:02:50]}  Bb7 {[%clk 0:02:56]} 10. Re1 {[%clk 0:02:34]}  Nbd7 {[%clk 0:02:53]} 11. a4 {[%clk 0:02:25]}  a6 {[%clk 0:02:52]} 12. Qe2 {[%clk 0:02:18]}  e6 {[%clk 0:02:50]} 13. Ng5 {[%clk 0:01:58]}  h6 {[%clk 0:02:45]} 14. N5e4 {[%clk 0:01:34]}  Nxe4 {[%clk 0:02:41]} 15. Nxe4 {[%clk 0:01:35]}  Qc7 {[%clk 0:02:35]} 16. c3 {[%clk 0:01:20]}  c5 {[%clk 0:02:32]} 17. axb5 {[%clk 0:01:12]}  axb5 {[%clk 0:02:29]} 18. Rxa8 {[%clk 0:01:02]}  Rxa8 {[%clk 0:02:27]} 19. dxc5 {[%clk 0:00:40]}  Nxc5 {[%clk 0:02:16]} 20. Bf4 {[%clk 0:00:36]}  Qxf4 {[%clk 0:02:05]} 21. Nxc5 {[%clk 0:00:36]}  Bc6 {[%clk 0:02:06]} 22. Nxe6 {[%clk 0:00:34]}  Qd6 {[%clk 0:01:56]} 23. Nxg7 {[%clk 0:00:30]}  Kxg7 {[%clk 0:01:57]} 24. Rd1 {[%clk 0:00:24]}  Qc7 {[%clk 0:01:49]} 25. h3 {[%clk 0:00:22]}  Re8 {[%clk 0:01:47]} 26. Qd2 {[%clk 0:00:20]}  Qe5 {[%clk 0:01:42]} 27. Qd4 {[%clk 0:00:18]}  Qxd4 {[%clk 0:01:41]} 28. cxd4 {[%clk 0:00:16]}  Rd8 {[%clk 0:01:36]} 29. f3 {[%clk 0:00:13]}  Kf6 {[%clk 0:01:35]} 30. Kf2 {[%clk 0:00:13]}  Bd5 {[%clk 0:01:36]} 31. Bc2 {[%clk 0:00:09]}  Bc4 {[%clk 0:01:34]} 32. Rd2 {[%clk 0:00:09]}  Ra8 {[%clk 0:01:33]} 33. Be4 {[%clk 0:00:09]}  Rd8 {[%clk 0:01:33]} 34. d5 {[%clk 0:00:09]}  Ke5 {[%clk 0:01:33]} 35. Ke3 {[%clk 0:00:08]}  Bxd5 {[%clk 0:01:31]} 36. f4+ {[%clk 0:00:07]}  Ke6 {[%clk 0:01:32]} 37. Bxd5+ {[%clk 0:00:06]}  Rxd5 {[%clk 0:01:33]} 38. Rc2 {[%clk 0:00:07]}  h5 {[%clk 0:01:27]} 39. Ke4 {[%clk 0:00:06]}  Rd8 {[%clk 0:01:24]} 40. Rc6+ {[%clk 0:00:05]}  Ke7 {[%clk 0:01:24]} 41. Rb6 {[%clk 0:00:05]}  Rd2 {[%clk 0:01:23]} 42. Rxb5 {[%clk 0:00:04]}  Rxg2 {[%clk 0:01:24]} 43. f5 {[%clk 0:00:03]}  g5 {[%clk 0:01:23]} 44. Ke5 {[%clk 0:00:02]}  Re2+ {[%clk 0:01:22]} 45. Kd4 {[%clk 0:00:03]}  g4 {[%clk 0:01:20]} 46. hxg4 {[%clk 0:00:02]}  hxg4 {[%clk 0:01:21]} 47. Kd3 {[%clk 0:00:03]}  Re1 {[%clk 0:01:20]} 48. Rb4 {[%clk 0:00:03]}  Kf6 {[%clk 0:01:18]} 49. Rxg4 {[%clk 0:00:03]}  Kxf5 {[%clk 0:01:19]} 50. Rg2 {[%clk 0:00:03]}  Ke5 {[%clk 0:01:14]} 51. Re2+ {[%clk 0:00:03]}  Rxe2 {[%clk 0:01:15]} 52. Kxe2 {[%clk 0:00:04]}  Kd4 {[%clk 0:01:15]} 53. Kf3 {[%clk 0:00:04]}  Kc4 {[%clk 0:01:14]} 54. Kf4 {[%clk 0:00:05]}  Kb3 {[%clk 0:01:15]} 55. Kf5 {[%clk 0:00:06]}  Kxb2 {[%clk 0:01:16]} 56. Kf6 {[%clk 0:00:06]}  Kc3 {[%clk 0:01:16]} 57. Kxf7 {[%clk 0:00:06]} 1/2-1/2

[Event "April 9 Late 2024"]
[Site "Chess.com"]
[Date "2024.04.09"]
[Round "4"]
[White "Tulchynskyi, Feliks"]
[Black "Gerbelli Neto, Eduardo"]
[Result "1-0"]
[Board "111"]
[WhiteFideId "34127895"]
[BlackFideId "2103281"]
[WhiteTitle "FM"]
[WhiteElo "2589"]
[BlackElo "2379"]
[WhiteTeam "UKR"]
[BlackTeam "BRA"]
[WhiteClock "0:00:26"]
[BlackClock "0:00:10"]
[Variant "Standard"]

1. f4 {[%clk 0:03:00]}  e5 {[%clk 0:02:59]} 2. fxe5 {[%clk 0:03:00]}  d6 {[%clk 0:02:59]} 3. e4 {[%clk 0:02:59]}  dxe5 {[%clk 0:02:59]} 4. Nf3 {[%clk 0:02:59]}  Nc6 {[%clk 0:02:57]} 5. Bb5 {[%clk 0:02:58]}  Bc5 {[%clk 0:02:58]} 6. c3 {[%clk 0:02:58]}  Bg4 {[%clk 0:02:54]} 7. h3 {[%clk 0:02:56]}  Bxf3 {[%clk 0:02:53]} 8. Qxf3 {[%clk 0:02:57]}  Nf6 {[%clk 0:02:50]} 9. b4 {[%clk 0:02:53]}  Bb6 {[%clk 0:02:47]} 10. d3 {[%clk 0:02:51]}  Qd6 {[%clk 0:02:31]} 11. Bg5 {[%clk 0:02:38]}  O-O-O {[%clk 0:02:24]} 12. Bc4 {[%clk 0:02:33]}  Nxb4 {[%clk 0:02:13]} 13. cxb4 {[%clk 0:02:15]}  Bd4 {[%clk 0:02:12]} 14. a3 {[%clk 0:02:06]}  Bxa1 {[%clk 0:02:12]} 15. O-O {[%clk 0:02:07]}  Bd4+ {[%clk 0:02:02]} 16. Kh1 {[%clk 0:02:06]}  Rhf8 {[%clk 0:01:30]} 17. Nd2 {[%clk 0:02:00]}  a6 {[%clk 0:01:22]} 18. Bxf6 {[%clk 0:01:49]}  gxf6 {[%clk 0:01:22]} 19. Qf5+ {[%clk 0:01:47]}  Kb8 {[%clk 0:01:20]} 20. Qxh7 {[%clk 0:01:47]}  b5 {[%clk 0:01:20]} 21. Ba2 {[%clk 0:01:39]}  Be3 {[%clk 0:01:19]} 22. Nf3 {[%clk 0:01:37]}  Qxd3 {[%clk 0:01:17]} 23. Re1 {[%clk 0:01:38]}  Bf4 {[%clk 0:01:11]} 24. Qg7 {[%clk 0:01:32]}  Qc2 {[%clk 0:01:08]} 25. Bxf7 {[%clk 0:01:29]}  Rh8 {[%clk 0:00:53]} 26. Qxf6 {[%clk 0:01:19]}  Qf2 {[%clk 0:00:53]} 27. Be6 {[%clk 0:01:08]}  Rhf8 {[%clk 0:00:35]} 28. Qe7 {[%clk 0:01:00]}  Bg3 {[%clk 0:00:33]} 29. Rc1 {[%clk 0:00:53]}  Rc8 {[%clk 0:00:23]} 30. Bxc8 {[%clk 0:00:47]}  Rxc8 {[%clk 0:00:24]} 31. Qc5 {[%clk 0:00:43]}  Qb2 {[%clk 0:00:18]} 32. Qc3 {[%clk 0:00:37]}  Qe2 {[%clk 0:00:18]} 33. Nxe5 {[%clk 0:00:27]}  c5 {[%clk 0:00:10]} 34. Qxg3 {[%clk 0:00:26]} 1-0

[Event "April 9 Late 2024"]
[Site "Chess.com"]
[Date "2024.04.09"]
[Round "4"]
[White "Bilan, Danila"]
[Black "Brahami, Lamine"]
[Result "1-0"]
[Board "113"]
[WhiteFideId "24161918"]
[BlackFideId "7905637"]
[WhiteTitle "FM"]
[BlackTitle "IM"]
[WhiteElo "2579"]
[BlackElo "2372"]
[WhiteTeam "RUS"]
[BlackTeam "ALG"]
[WhiteClock "0:00:17"]
[BlackClock "0:00:59"]
[Variant "Standard"]

1. d4 {[%clk 0:03:00]}  Nf6 {[%clk 0:03:00]} 2. Nf3 {[%clk 0:03:01]}  g6 {[%clk 0:02:59]} 3. Bg5 {[%clk 0:03:01]}  Bg7 {[%clk 0:03:00]} 4. c3 {[%clk 0:03:01]}  O-O {[%clk 0:03:00]} 5. Nbd2 {[%clk 0:03:02]}  d5 {[%clk 0:03:00]} 6. e3 {[%clk 0:03:02]}  c5 {[%clk 0:02:58]} 7. Bd3 {[%clk 0:03:02]}  b6 {[%clk 0:02:58]} 8. Ne5 {[%clk 0:02:58]}  Bb7 {[%clk 0:02:57]} 9. f4 {[%clk 0:02:58]}  Nbd7 {[%clk 0:02:52]} 10. O-O {[%clk 0:02:58]}  Ne8 {[%clk 0:02:46]} 11. Qg4 {[%clk 0:02:36]}  Ndf6 {[%clk 0:02:44]} 12. Qh4 {[%clk 0:02:31]}  Nd6 {[%clk 0:02:43]} 13. Rf3 {[%clk 0:02:27]}  Bc8 {[%clk 0:02:28]} 14. Raf1 {[%clk 0:02:15]}  Bf5 {[%clk 0:02:27]} 15. g4 {[%clk 0:01:52]}  Bxd3 {[%clk 0:02:26]} 16. Nxd3 {[%clk 0:01:53]}  Qd7 {[%clk 0:02:24]} 17. Ne5 {[%clk 0:01:48]}  Qc7 {[%clk 0:02:16]} 18. Rh3 {[%clk 0:01:42]}  Rfe8 {[%clk 0:02:16]} 19. f5 {[%clk 0:01:20]}  gxf5 {[%clk 0:01:45]} 20. Bh6 {[%clk 0:00:43]}  Bxh6 {[%clk 0:01:35]} 21. Qxh6 {[%clk 0:00:41]}  fxg4 {[%clk 0:01:35]} 22. Rxf6 {[%clk 0:00:30]}  exf6 {[%clk 0:01:30]} 23. Qxh7+ {[%clk 0:00:31]}  Kf8 {[%clk 0:01:23]} 24. Ng6+ {[%clk 0:00:28]}  fxg6 {[%clk 0:01:22]} 25. Qxc7 {[%clk 0:00:29]}  gxh3 {[%clk 0:01:22]} 26. Qxd6+ {[%clk 0:00:29]}  Kg7 {[%clk 0:01:22]} 27. Qd7+ {[%clk 0:00:26]}  Kf8 {[%clk 0:01:18]} 28. Qxh3 {[%clk 0:00:26]}  Rad8 {[%clk 0:01:15]} 29. Kf2 {[%clk 0:00:26]}  cxd4 {[%clk 0:01:14]} 30. exd4 {[%clk 0:00:23]}  Rd6 {[%clk 0:01:14]} 31. Qh8+ {[%clk 0:00:21]}  Ke7 {[%clk 0:01:11]} 32. Qg7+ {[%clk 0:00:21]}  Kd8 {[%clk 0:01:11]} 33. Qxg6 {[%clk 0:00:21]}  Rde6 {[%clk 0:01:12]} 34. Nf3 {[%clk 0:00:21]}  Re2+ {[%clk 0:01:11]} 35. Kg3 {[%clk 0:00:22]}  R8e6 {[%clk 0:01:08]} 36. h4 {[%clk 0:00:20]}  Rxb2 {[%clk 0:01:08]} 37. h5 {[%clk 0:00:20]}  Ree2 {[%clk 0:01:02]} 38. Qxf6+ {[%clk 0:00:19]}  Kc8 {[%clk 0:01:03]} 39. h6 {[%clk 0:00:19]}  Rg2+ {[%clk 0:01:03]} 40. Kf4 {[%clk 0:00:19]}  Rbf2 {[%clk 0:01:04]} 41. h7 {[%clk 0:00:18]}  Rh2 {[%clk 0:01:02]} 42. h8=Q+ {[%clk 0:00:17]}  Rxh8 {[%clk 0:01:01]} 43. Qxh8+ {[%clk 0:00:18]}  Kb7 {[%clk 0:00:59]} 44. Qe5 {[%clk 0:00:17]} 1-0